00333pab a2200121 454500008004000000100001700040245007700057260000900134300001500143362000800158650001400166773003100180180718b2013 xxu||||| |||| 00| 0 eng d aGupta, Abhay aEstimating direct gains in consumer welfare in telecommunications sector c2013 ap.119-138. aJun aConsumers aJournal of Consumer Policy